000 01231nam a2200205Ia 4500
003 Ost
005 20260507075634.0
008 260507s9999||||xx |||||||||||||| ||und||
040 _cfsecg
041 _aara
082 _a347.02
100 _aفرج، وجدي شفيق
_eمؤلف
245 0 _aأسباب البراءة والحفظ والأمر بالأوجه أمام النيابة العامة والمحاكم الجنائية /
_c وجدي شفيق فرج
260 _a[دون مكان]:
_bد. ن.],
_c[د.ت.]
300 _a233 صفحة؛
_bإيضاحات ؛
_c24 سم
520 _aالنيابة العامة واختصاصات كل عضو فيها حتى النائب العام- شروط وإجراءات رفع الدعوى الجنائية بناء على محضر جمع الإستدلال- أمر النيابة بحفظ الإتهام والفرق بينه وبين الأمر بالأوجه- الأسباب التي يبنى عليها حفظ الأوراق أو الأمر بالأوجه- تصرف النيابة في المضبوطات بعد الأمر بحفظ الأوراق أو الأمر بالأوجه
653 _aالقانون
653 _aالمحاكم الجنائية
942 _cكتاب
999 _c45267
_d45267